Fr. Conceicao Rodrigues College of Engineering

Digital image processing and analysis (Record no. 20121)

MARC details
000 -LEADER
fixed length control field 00366nam a2200157Ia 4500
082 ## - DEWEY DECIMAL CLASSIFICATION NUMBER
Classification number 621.367
Item number CHA
100 ## - MAIN ENTRY--PERSONAL NAME
Personal name Chanda/B/ Majumder/D
245 ## - TITLE STATEMENT
Title Digital image processing and analysis
260 ## - PUBLICATION, DISTRIBUTION, ETC.
Name of publisher, distributor, etc. Prentice Hall of India
Date of publication, distribution, etc. 2011
366 ## - TRADE AVAILABILITY INFORMATION
Publishers's discount category 25
300 ## - PHYSICAL DESCRIPTION
Extent 469
546 ## - LANGUAGE NOTE
Language note ENGLISH
-- PAMPHALETS
650 ## - SUBJECT ADDED ENTRY--TOPICAL TERM
Topical term or geographic name entry element image processing
942 ## - ADDED ENTRY ELEMENTS (KOHA)
Koha item type BOOK
Holdings
Withdrawn status Lost status Damaged status Not for loan Collection Home library Current library Date acquired Source of acquisition Cost, normal purchase price Inventory number Total Checkouts Full call number Barcode Date last seen Cost, replacement price Price effective from Koha item type
        CRC Fr. Agnel's C.Rodrigues College of Engineering Fr. Agnel's C.Rodrigues College of Engineering 17/03/2023 Allied Publishers 243.75 3536 dt 21/03/2012   621.367 CHA 22002 17/03/2023 325.00   BOOK